| 000 | 00366nam a22001457a 4500 | ||
|---|---|---|---|
| 003 | SGT | ||
| 020 | _a978-93-82963-03-5 | ||
| 082 |
_a617 _bP14R |
||
| 100 | _aRANGANATHAN, PRIYA | ||
| 245 | _aPERIOPERATIVE CARE IMPROVING OUTCOMES AFTER SURGERY PART-A | ||
| 250 | _a1ST | ||
| 260 |
_aMUMBAI , INDIA _bTATA MEMORIAL CENTER _c2014 |
||
| 300 | _a275 | ||
| 942 |
_2ddc _cBK |
||
| 999 |
_c8183 _d8183 |
||